<?xml version="1.0" encoding="UTF-8"?>
<record
    xmlns:xsi="http://www.w3.org/2001/XMLSchema-instance"
    xsi:schemaLocation="http://www.loc.gov/MARC21/slim http://www.loc.gov/standards/marcxml/schema/MARC21slim.xsd"
    xmlns="http://www.loc.gov/MARC21/slim">

  <leader>01651nam a22003137a 4500</leader>
  <controlfield tag="005">20150511134602.0</controlfield>
  <controlfield tag="008">150507b     fr  ||||| |||| 00| 0 fra d</controlfield>
  <datafield tag="020" ind1=" " ind2=" ">
    <subfield code="a">2908912619</subfield>
  </datafield>
  <datafield tag="050" ind1="0" ind2="4">
    <subfield code="a">PN2621</subfield>
    <subfield code="b">C65 1996</subfield>
  </datafield>
  <datafield tag="111" ind1="1" ind2=" ">
    <subfield code="a">Colloque International sur le theatre hispanique, hispano-americain et mexicain en France.</subfield>
    <subfield code="c">(Universite de Perpignan)</subfield>
    <subfield code="n">3 : </subfield>
    <subfield code="d">1996</subfield>
  </datafield>
  <datafield tag="245" ind1="1" ind2="0">
    <subfield code="a">Theatre, public, societe =  Teatro, publico, sociedad  /</subfield>
    <subfield code="c">[edite par] Daniel Meyran, Alejandro Ortiz, Francis Sureda   : Teatro, publico, sociedad </subfield>
  </datafield>
  <datafield tag="250" ind1=" " ind2=" ">
    <subfield code="a">1a ed.</subfield>
  </datafield>
  <datafield tag="260" ind1=" " ind2=" ">
    <subfield code="a">[Perpignan] : </subfield>
    <subfield code="b">Centre de Recherches Iberiques et Latino-Americaines de l'Universite de Perpignan : |b Presses Universitaires de Perpignan</subfield>
    <subfield code="c">1988</subfield>
  </datafield>
  <datafield tag="300" ind1=" " ind2=" ">
    <subfield code="a">559 p. ; </subfield>
    <subfield code="c">24 cm.</subfield>
  </datafield>
  <datafield tag="440" ind1=" " ind2="0">
    <subfield code="a">Collection Etudes</subfield>
  </datafield>
  <datafield tag="500" ind1=" " ind2=" ">
    <subfield code="a">Subtitulo: Actes du IIIe Colloque international sur le theatre hispanique, hispano-americain et mexicain en France, 10, 11 et 12 octobre 1996, Universite de Perpignan</subfield>
  </datafield>
  <datafield tag="500" ind1=" " ind2=" ">
    <subfield code="a">"Ouvrage oublie avec le concours du Conseil scientifique de I'Universit&#xE9; de Perpignan et de la R&#xE9;gi&#xF3;n Languedoc-Roussillon . </subfield>
  </datafield>
  <datafield tag="504" ind1=" " ind2=" ">
    <subfield code="a">Incluye referencias bibliograficas </subfield>
  </datafield>
  <datafield tag="650" ind1=" " ind2=" ">
    <subfield code="a"> Teatro y sociedad </subfield>
    <subfield code="z">Francia </subfield>
    <subfield code="v">Congresos</subfield>
  </datafield>
  <datafield tag="650" ind1=" " ind2="4">
    <subfield code="a">Teatro y sociedad </subfield>
    <subfield code="z"> Espa&#xF1;a</subfield>
    <subfield code="v">Congresos</subfield>
  </datafield>
  <datafield tag="650" ind1=" " ind2=" ">
    <subfield code="a">Teatro y sociedad </subfield>
    <subfield code="z">M&#xE9;xico</subfield>
    <subfield code="v">Congresos</subfield>
  </datafield>
  <datafield tag="650" ind1=" " ind2=" ">
    <subfield code="a">Drama espa&#xF1;ol</subfield>
    <subfield code="x">Historia y critica </subfield>
    <subfield code="v">Congresos</subfield>
  </datafield>
  <datafield tag="650" ind1=" " ind2=" ">
    <subfield code="a">Drama latinoamericano</subfield>
    <subfield code="x">Historia y critica </subfield>
    <subfield code="v">Congresos</subfield>
  </datafield>
  <datafield tag="650" ind1=" " ind2=" ">
    <subfield code="a">Drama mexicano </subfield>
    <subfield code="x">Historia y critica</subfield>
    <subfield code="v">Congresos</subfield>
  </datafield>
  <datafield tag="700" ind1=" " ind2=" ">
    <subfield code="a">Meyran, Daniel, </subfield>
    <subfield code="q">editor</subfield>
  </datafield>
  <datafield tag="700" ind1=" " ind2=" ">
    <subfield code="a">Ortiz, Alejandro, </subfield>
    <subfield code="q">editor</subfield>
  </datafield>
  <datafield tag="700" ind1=" " ind2=" ">
    <subfield code="a">Sureda, Francis,</subfield>
    <subfield code="q">editor</subfield>
  </datafield>
  <datafield tag="942" ind1=" " ind2=" ">
    <subfield code="2">lcc</subfield>
    <subfield code="c">LIB</subfield>
  </datafield>
  <datafield tag="999" ind1=" " ind2=" ">
    <subfield code="c">92682</subfield>
    <subfield code="d">92682</subfield>
  </datafield>
  <datafield tag="952" ind1=" " ind2=" ">
    <subfield code="1">0</subfield>
    <subfield code="2">lcc</subfield>
    <subfield code="4">0</subfield>
    <subfield code="7">0</subfield>
    <subfield code="a">LIC-046</subfield>
    <subfield code="b">LIC-046</subfield>
    <subfield code="c">GENERAL</subfield>
    <subfield code="d">2015-05-07</subfield>
    <subfield code="e">DON</subfield>
    <subfield code="f">1a ed.</subfield>
    <subfield code="h">LLH000006243</subfield>
    <subfield code="k">EH</subfield>
    <subfield code="o">PN2621 C65 1996</subfield>
    <subfield code="p">LLH000006243</subfield>
    <subfield code="r">2015-05-07 00:00:00</subfield>
    <subfield code="t">C:1</subfield>
    <subfield code="y">LIB</subfield>
    <subfield code="z">General</subfield>
  </datafield>
</record>
